New Trends in Craniovertebral Junction Surgery Experimental and Clinical Updates for a New State of Art /

This issue of Acta Neurochirururgica presents the latest surgical and experimental approaches to the craniovertebral junction (CVJ). It discusses anterior midline (transoral transnasal), posterior (CVJ craniectomy laminectomy, laminotomy, instrumentation and fusion), posterolateral (far lateral) and...

Full description

Bibliographic Details
Corporate Author: SpringerLink (Online service)
Other Authors: Visocchi, Massimiliano (Editor, http://id.loc.gov/vocabulary/relators/edt)
Format: Electronic eBook
Language:English
Published: Cham : Springer International Publishing : Imprint: Springer, 2019.
Edition:1st ed. 2019.
Series:Acta Neurochirurgica Supplement, 125
Subjects:
Online Access:Full Text via HEAL-Link
LEADER 05372nam a2200493 4500
001 978-3-319-62515-7
003 DE-He213
005 20191028191650.0
007 cr nn 008mamaa
008 190105s2019 gw | s |||| 0|eng d
020 |a 9783319625157  |9 978-3-319-62515-7 
024 7 |a 10.1007/978-3-319-62515-7  |2 doi 
040 |d GrThAP 
050 4 |a RD592.5-596 
072 7 |a MNN  |2 bicssc 
072 7 |a MED085010  |2 bisacsh 
072 7 |a MNN  |2 thema 
082 0 4 |a 617.48  |2 23 
245 1 0 |a New Trends in Craniovertebral Junction Surgery  |h [electronic resource] :  |b Experimental and Clinical Updates for a New State of Art /  |c edited by Massimiliano Visocchi. 
250 |a 1st ed. 2019. 
264 1 |a Cham :  |b Springer International Publishing :  |b Imprint: Springer,  |c 2019. 
300 |a X, 398 p. 129 illus., 55 illus. in color.  |b online resource. 
336 |a text  |b txt  |2 rdacontent 
337 |a computer  |b c  |2 rdamedia 
338 |a online resource  |b cr  |2 rdacarrier 
347 |a text file  |b PDF  |2 rda 
490 1 |a Acta Neurochirurgica Supplement,  |x 0065-1419 ;  |v 125 
505 0 |a Embriological bases of CVJ diseases -- Anatomic implications for surgical indications.-Biomechanics of CVJ -- Cadaver lab for surgical training in CVJ diseases -- Cadaver lab for surgical training in CVJ diseases 1) New perfusion and fixation techniques -- Cadaver lab for surgical training in CVJ diseases -- The use of neuronavigation and intraoperative experimental CT -- Preoperative Neuroradiological investigation in CVJ diseases -- Preoperative Neurophysiological assessment in CVJ diseases -- Preoperative and intraoperative traction techniques  in CVJ -- Neurophysiological monitoring in operating room for CVJ surgery. What's new -- Neuroradiological monitoring in operating room for CVJ surgery. What's new -- O arm for CVJ surgery -- Neuronavigation, tractography and virtual fluoroscopy in CVJ surgery -- Videoassisted approach to the CVJ: an update -- Transnasal approach to the CVJ: an update -- Transoral approach to the CVJ: an update -- Transcervical approach to the CVJ: an update -- Extrem e lateral approach to the CVJ: an update -- Far lateral approach to the CVJ: an update.- Retropharingeal paramidline approach to the CVJ: an update -- Combined approaches to the CVJ: an update -- Extended endoscopic approach to the CVJ: an update -- Extended microsurgical approach to the CVJ: an update -- CVJ instrumentation and fusion procedures: the History -- Wiring vs screwing in CVJ: still a duel? -- The Goel fusion -- The Harms Fusion -- The lateral Masses fusion -- Anterior C1 - C2 fusion -- Odontoid fusion -- The Occipitocervical fusion -- Occipitocervical or short cervical instrumentation: which is the best  in CVJ diseases? -- The External Orthosis -- Special Issues in CVJ surgery: trauma -- Special Issues in CVJ surgery: inflammations -- Special Issues in CVJ surgery: tumors.- Special Issues in CVJ surgery: vascular malformations -- Special Issues in CVJ surgery: congenital and dysgenetic diseases -- Special focus on Chiari: a new revolution? -- Special focus on syringomyelia: a new revolution? -- Challenging cases: how to deal with the nightmare -- New Trends in CVJ lesions rehabilitation. Modern Neuromodulation. 
520 |a This issue of Acta Neurochirururgica presents the latest surgical and experimental approaches to the craniovertebral junction (CVJ). It discusses anterior midline (transoral transnasal), posterior (CVJ craniectomy laminectomy, laminotomy, instrumentation and fusion), posterolateral (far lateral) and anterolateral (extreme lateral) approaches using state-of-the-art supporting tools. It especially highlights open surgery, microsurgical techniques, neuronavigation, the O-arm system, intraoperative MR, neuromonitoring and endoscopy. Endoscopy represents a useful complement to the standard microsurgical approach to the anterior CVJ: it can be used transnasally, transorally and transcervically; and it provides information for better decompression without the need for soft palate splitting, hard palate resection, or extended maxillotomy. While neuronavigation allows improved orientation in the surgical field, intraoperative fluoroscopy helps to recognize residual compression. Under normal anatomic conditions, there are virtually no surgical limitations to endoscopically assisted CVJ and this issue provides valuable information for the new generation of surgeons involved in this complex and challenging field of neurosurgery. 
650 0 |a Neurosurgery. 
650 0 |a Orthopedics. 
650 0 |a Neuroradiology. 
650 1 4 |a Neurosurgery.  |0 http://scigraph.springernature.com/things/product-market-codes/H39000 
650 2 4 |a Surgical Orthopedics.  |0 http://scigraph.springernature.com/things/product-market-codes/H45027 
650 2 4 |a Neuroradiology.  |0 http://scigraph.springernature.com/things/product-market-codes/H2903X 
700 1 |a Visocchi, Massimiliano.  |e editor.  |4 edt  |4 http://id.loc.gov/vocabulary/relators/edt 
710 2 |a SpringerLink (Online service) 
773 0 |t Springer eBooks 
776 0 8 |i Printed edition:  |z 9783319625140 
776 0 8 |i Printed edition:  |z 9783319625164 
830 0 |a Acta Neurochirurgica Supplement,  |x 0065-1419 ;  |v 125 
856 4 0 |u https://doi.org/10.1007/978-3-319-62515-7  |z Full Text via HEAL-Link 
912 |a ZDB-2-SME 
950 |a Medicine (Springer-11650)